00228nam a2200085Ia 4500008004100000100002200041245003300063260003700096260000900133170620s9999 xx 000 0 und d aSaini- Tara Chand 0aIntermediate General English bMeerut- Rastogi Prakashan Mandir c2009